Normal view
MARC view
Entry Personal Name
001 - CONTROL NUMBER
- control field: 20372
003 - CONTROL NUMBER IDENTIFIER
- control field: dpl
005 - DATE AND TIME OF LATEST TRANSACTION
- control field: 20100916150641.0
008 - FIXED-LENGTH DATA ELEMENTS
- fixed length control field: 100916|||a|||||| | ||| d
040 ## - CATALOGING SOURCE
- Original cataloging agency: dpl
- Transcribing agency: dpl
100 ## - HEADING--PERSONAL NAME
- Personal name: Jaikishan, Shankar
670 ## - SOURCE DATA FOUND
- Source citation: Work cat.: (dpl): Mangeshkar, Lata 19365, Naya Ghar /, 1978
670 ## - SOURCE DATA FOUND
- Source citation: Work cat.: (dpl): Mangeshkar, Lata 19365, Naya Ghar /, 1978
